Výzvy v globálnom obchode v kontexte klimatických a environmentálnych opatrení bakalárska práca

Gespeichert in:
Bibliographische Detailangaben
1. Verfasser: Chyláková, Simona
Körperschaft: Obchodná fakulta EU. Katedra medzinárodného obchodu
Weitere Verfasser: Pásztorová, Janka, 1960-
Format: Buch
Sprache:Slowakisch
Veröffentlicht: Bratislava 2023
Tags: Tag hinzufügen
Keine Tags, Fügen Sie das erste Tag hinzu!

MARC

LEADER 00000nbm a2200000 4500
001 0294801
005 20240130133832.3
041 0 |a slo 
044 |a SK 
245 1 0 |a Výzvy v globálnom obchode v kontexte klimatických a environmentálnych opatrení  |b bakalárska práca  |c Simona Chyláková ; školiteľ: Janka Pásztorová 
264 1 |a Bratislava  |c 2023 
300 |a 48 s. 
100 1 |a Chyláková, Simona 
700 1 |a Pásztorová, Janka, 1960- 
710 2 |a Obchodná fakulta EU. Katedra medzinárodného obchodu